|
|
|
|
| LEADER |
01394pam a22003618a 4500 |
| 001 |
00031181 |
| 005 |
20171026081025.0 |
| 008 |
130918s2012 |||||| sd |
| 020 |
|
|
|c 39000
|
| 082 |
1 |
4 |
|b CH312S
|a 306
|
| 245 |
1 |
0 |
|a Chính sách văn hóa
|c Lê Thị Hiền, Phạm Bích Huyền, Lương Hồng Quang, Nguyễn Lâm Tuấn Anh
|b Giáo trình dành cho sinh viên đại học và cao đẳng các trường văn hóa- nghệ thuật
|
| 250 |
# |
# |
|b Tái bản có sửa chữa, bổ sung
|
| 260 |
# |
# |
|a Hà Nội
|b Lao động
|c 2012
|
| 300 |
# |
# |
|a 171 tr.
|c 24 cm.
|
| 500 |
# |
# |
|a Đầu bìa sách ghi: Trường Đại học Văn hóa Hà Nội
|
| 653 |
# |
# |
|a Mô hình
|
| 653 |
# |
# |
|a Chính sách
|
| 653 |
# |
# |
|a Thế giới
|
| 653 |
# |
# |
|a Văn hóa
|
| 653 |
# |
# |
|a Việt Nam
|
| 700 |
1 |
# |
|a Lê, Thị Hiền
|
| 700 |
1 |
# |
|a Lương, Hồng Quang
|
| 700 |
1 |
# |
|a Nguyễn, Lâm Tuấn Anh
|
| 700 |
1 |
# |
|a Phạm, Bích Huyền
|
| 852 |
# |
# |
|b Kho mượn
|j KM.0016052, KM.0016053, KM.0016054, KM.0016055
|
| 852 |
# |
# |
|j KM.0016053
|j KM.0016054
|j KD.0014965
|j KM.0016052
|j KM.0016055
|
| 852 |
# |
# |
|b Kho đọc
|j KD.0014965
|
| 910 |
|
|
|e 9/2013
|d 18/09/2013
|
| 980 |
# |
# |
|a Trung tâm Học liệu Lê Vũ Hùng, Trường Đại học Đồng Tháp
|